000 00827cab a2200241 4500
001 WB3409-04
008 090401t1998 xxu||||| |||| 00| 0 eng d
035 _a(Sirsi) u84681
041 _aeng
245 _aRight space: right price?
260 _c1998
350 _a0
490 _aRICS Press Release
_vpr21.corp 2 March 1998, (2)
520 _aChanging working patterns are leading to fundamental changes in the demand for office space, according to a new research report "Right space: Right price?" by the RICS.
650 _aFUTURE
650 _aOFFICE DEMAND
650 _aPROPERTY-COMMERCIAL PROPERTY-OFFICE PROPERTY-OFFICE PROPERTY MARKET
650 _aOFFICE SPACE
650 _aWORKING PATTERNS
690 _aPROPERTY-COMMERCIAL PROPERTY-COMMERCIAL PROPERTY MARKET
942 _n0
948 _c05/03/1998
999 _c53247
_d53247